[Event "ch-UKR w"]
[Site "Alushta UKR"]
[Date "2005.05.19"]
[Round "4"]
[White "Kostiukova,L"]
[Black "Ostroverkhova,E"]
[Result "1-0"]
[WhiteElo "2289"]
[BlackElo "2074"]

1.d4 Nf6 2.c4 e6 3.g3 d5 4.Bg2 Be7 5.Nf3 O-O 6.O-O c6 7.b3 Nbd7 8.Bb2 b5
9.Nbd2 bxc4 10.bxc4 Ba6 11.Qc2 Qb6 12.Rab1 Rfc8 13.Ba3 Qd8 14.Bxe7 Qxe7 15.Qa4 Bxc4
16.Nxc4 dxc4 17.Qxc4 Nb6 18.Qd3 c5 19.dxc5 Rxc5 20.Rfc1 Rac8 21.Rxc5 Qxc5
22.Rd1 h6 23.e3 Qa5 24.Qb3 Nbd5 25.Nd4 Qb6 26.Qd3 Rc3 27.Qd2 Rc8 28.Bf3 Qc5
29.Nb3 Qb6 30.h4 Nb4 31.g4 Nfd5 32.a3 Rc2 33.Qd4 Rc3 34.axb4 Rxb3 35.Bxd5 exd5
36.Qxd5 Rxb4 37.Qf5 g6 38.Qc8+ Kg7 39.Rd8 Rxg4+ 40.Kf1 Qb5+ 41.Ke1 Rg1+ 42.Kd2 Qb2+
43.Qc2 Qxc2+ 44.Kxc2 Rg2 45.Rd2 Rh2 46.Kd3 Rxh4 47.Ra2 Rb4 48.Rxa7 Rb2 49.f4 Rf2
50.Ke4 h5 51.Ra1 Kh6 52.Rh1 f6 53.Rh3 g5 54.Kf5 g4 55.Rg3 Rf3 56.Rg1 Kg7
57.Ra1 g3 58.Ra7+ Kh8 59.Kg6  1-0

[Event "ch-UKR sf"]
[Site "Alushta UKR"]
[Date "2005.05.19"]
[Round "4"]
[White "Matjushin,O"]
[Black "Ipatov,A"]
[Result "0-1"]
[WhiteElo "2189"]
[BlackElo "2096"]

1.d4 d5 2.c4 e6 3.Nf3 Nf6 4.g3 Be7 5.Bg2 Nbd7 6.O-O O-O 7.Qc2 dxc4 8.Qxc4 a6
9.Qc2 c5 10.Rd1 cxd4 11.Nxd4 Bc5 12.Nb3 Ba7 13.Na3 Qe7 14.Bd2 Ng4 15.Rf1 Qf6
16.Be1 Nde5 17.Qe4 Qh6 18.h4 f5 19.Qf4 Qxf4 20.gxf4 Ng6 21.e3 Nxh4 22.Bc3 Nxg2
23.Kxg2 Bd7 24.Nd4 Rf6 25.Rg1 Rh6 26.Kf1 Bxd4 27.Bxd4 Bc6 28.Ke2 Rh2 29.Raf1 h5
30.b3 h4 31.Nc4 Bg2 32.Ra1 Rc8 33.e4 Bxe4 34.Rac1 Rg2 35.Nd6 Rxc1 36.Rxc1 Bc6
37.Rc3 Rh2 38.Nc8 Bb5+ 39.Ke1 Rh1+ 40.Kd2 Bc6 41.Ne7+ Kf7 42.Nxc6 bxc6 43.Rxc6 h3
44.Rc7+ Ke8 45.Rc8+ Kd7 46.Rh8  0-1

[Event "48th TCh-SCG"]
[Site "Herceg Novi SCG"]
[Date "2005.05.19"]
[Round "5"]
[White "Lekic,D"]
[Black "Somborski,N"]
[Result "1/2-1/2"]
[WhiteElo "2352"]
[BlackElo "2375"]

1.d4 d5 2.c4 e6 3.Nf3 Nf6 4.g3 Be7 5.Bg2 O-O 6.O-O dxc4 7.Qc2 a6 8.Qxc4 b5
9.Qc2 Bb7 10.Bd2 Be4 11.Qc1 Qc8 12.Bg5 Nbd7 13.Nbd2 Bb7 14.Nb3 c5 15.dxc5 a5
16.c6 Bxc6 17.Nbd4 Bd5 18.Nxb5 Qb7 19.Nc7 Rac8 20.Nxd5 Nxd5 21.Qd1 Bxg5 22.Nxg5 Qxb2
23.Bxd5 exd5 24.Qxd5  1/2-1/2

[Event "ch-UKR sf"]
[Site "Alushta UKR"]
[Date "2005.05.22"]
[Round "7"]
[White "Nechaev,An"]
[Black "Boginin,O"]
[Result "1-0"]
[WhiteElo "2393"]
[BlackElo "2358"]

1.d4 d5 2.c4 e6 3.Nf3 Be7 4.g3 Nf6 5.Bg2 O-O 6.O-O c6 7.b3 b6 8.Bb2 Ba6 9.Nc3 Nbd7
10.a4 Bb4 11.Nd2 c5 12.cxd5 Bxc3 13.Bxc3 Nxd5 14.Bb2 Rc8 15.Ne4 N7f6 16.Nxf6+ Qxf6
17.Qd2 cxd4 18.Bxd4 Qg6 19.Rfe1 Rcd8 20.a5 Bb5 21.axb6 axb6 22.e4 Nf6 23.Qb4 Bd3
24.f3 Qh6 25.Red1 Bc2 26.Re1 Nd7 27.Rac1 Nc5 28.Be3 Nd3 29.Qd2 Qh5 30.Qxc2 Nxe1
31.Rxe1 Qa5 32.Rb1 Rc8 33.Qf2 Rc6 34.b4 Qa4 35.Bxb6 Rc2 36.Qe1 Qa2 37.Bf1 e5
38.b5 h5 39.Be3 h4 40.gxh4 Rb8 41.b6 Rb7 42.Rc1 Rxh2 43.Rc8+ Kh7 44.Qg3 Qb3
45.Qg5 Qe6 46.Qh5+  1-0

[Event "TCh-ARG Magistral AFA"]
[Site "Buenos Aires ARG"]
[Date "2005.05.24"]
[Round "1"]
[White "Lafuente,P"]
[Black "Labollita,M"]
[Result "1/2-1/2"]
[WhiteElo "2442"]
[BlackElo "2383"]

1.d4 e6 2.c4 d5 3.Nf3 Nf6 4.g3 Be7 5.Bg2 O-O 6.O-O dxc4 7.Ne5 Nc6 8.Nxc6 bxc6
9.e3 Ba6 10.Qe2 Qc8 11.Rd1 Rb8 12.e4 c5 13.Nc3 cxd4 14.Rxd4 e5 15.Rd1 Bc5
16.Be3 Bxe3 17.Qxe3 Qb7 18.Rd2 Rfd8 19.Rxd8+ Rxd8 20.Rd1 Rd3 21.Bf1 Rxd1
22.Nxd1 h6 23.f3 Qb6 24.Kf2 Nd7 25.Be2 Kf8 26.Kf1 Ke7 27.Qc3 Qd4 28.Ne3 Qxc3
29.bxc3 Nb6 30.Ke1 h5 31.Kd2 g6 32.h4 Kd6 33.g4 hxg4  1/2-1/2

[Event "69th ch-BUL"]
[Site "Pleven BUL"]
[Date "2005.05.25"]
[Round "3"]
[White "Rusev,K"]
[Black "Raev,R"]
[Result "1-0"]
[WhiteElo "2427"]
[BlackElo "2338"]

1.d4 d5 2.c4 e6 3.Nf3 Nf6 4.g3 Be7 5.Bg2 O-O 6.O-O c6 7.Qc2 b6 8.Rd1 Bb7
9.Nc3 Nbd7 10.b3 Rc8 11.e4 Nxe4 12.Nxe4 dxe4 13.Qxe4 Bf6 14.Bf4 Qe7 15.Re1 Ba8
16.Rac1 Qa3 17.Qe2 Rfd8 18.Ng5 Nf8 19.c5 Bxd4 20.Ne4 Ng6 21.Bd6 Qa5 22.h4 Qb5
23.Qc2 bxc5 24.h5 Nf8 25.Be7 Rd7 26.Nd6 Rxd6 27.Bxd6 Nd7 28.Rcd1 Nf6 29.Bf3 Nd5
30.h6 Qa5 31.hxg7 Nb4 32.Qe4 Qxa2 33.Rxd4 cxd4 34.Qh4 Nd3 35.Rf1 c5 36.Qe7  1-0

[Event "Mitropa Cup"]
[Site "Steinbrunn AUT"]
[Date "2005.05.25"]
[Round "5"]
[White "Karner,C"]
[Black "Papp,Ga"]
[Result "0-1"]
[WhiteElo "2370"]
[BlackElo "2476"]

1.d4 Nf6 2.c4 e6 3.g3 d5 4.Nf3 Be7 5.Bg2 c6 6.O-O O-O 7.Qc2 b6 8.b3 Nbd7
9.Nc3 Ba6 10.Rd1 Rc8 11.Bb2 Qc7 12.e4 dxc4 13.Qe2 b5 14.bxc4 bxc4 15.Rac1 Rfe8
16.Ba1 Qa5 17.Qc2 Red8 18.h4 Nb6 19.e5 Nfd5 20.Ng5 g6 21.Be4 Nb4 22.Qe2 Bxg5
23.hxg5 Nd3 24.Bxd3 cxd3 25.Qg4 c5 26.Ne4 cxd4 27.Rxc8 Bxc8 28.Nf6+ Kf8 29.Nxh7+ Ke7
30.Qf4 Nd5 31.Qxd4 Bb7 32.Qxd3 Rh8 33.Nf6 Rh1+ 34.Kxh1 Nf4+ 35.Kh2 Nxd3 36.Rxd3 Bd5
37.Nxd5+ exd5 38.a3 Qb5 39.Rf3 Qe2 40.Kg2 Qe4 41.Bc3 d4 42.Bd2 Ke6 43.g4 Qxg4+
44.Rg3 Qe2  0-1

[Event "Dueball mem"]
[Site "Solingen GER"]
[Date "2005.05.26"]
[Round "5"]
[White "Odendahl,R"]
[Black "Hecht,HJ"]
[Result "1-0"]
[WhiteElo "2389"]
[BlackElo "2384"]

1.c4 Nf6 2.g3 e6 3.Bg2 d5 4.Nf3 Be7 5.d4 O-O 6.O-O c6 7.Qc2 b6 8.b3 Bb7 9.Rd1 Nbd7
10.Nc3 Rc8 11.e4 c5 12.exd5 exd5 13.Bb2 dxc4 14.d5 Bd6 15.bxc4 a6 16.a4 Re8
17.Re1 Ne5 18.Ne4 Nxe4 19.Rxe4 Ng6 20.Rae1 Rxe4 21.Qxe4 Qe7 22.Qc2 Qd7 23.h4 h6
24.h5 Nf8 25.Ne5 Bxe5 26.Rxe5 b5 27.axb5 axb5 28.cxb5 f6 29.Re1 Qxb5 30.Re7 c4
31.Qc3 Qb6 32.Bc1 Rd8 33.Be3 Qb1+ 34.Kh2 Bxd5 35.Bxh6 Qd3 36.Rxg7+ Kh8 37.Qxf6  1-0

[Event "69th ch-BUL"]
[Site "Pleven BUL"]
[Date "2005.05.27"]
[Round "5"]
[White "Rusev,K"]
[Black "Radulski,J"]
[Result "1/2-1/2"]
[WhiteElo "2427"]
[BlackElo "2502"]

1.d4 d5 2.c4 e6 3.Nf3 Nf6 4.g3 Be7 5.Bg2 O-O 6.O-O c6 7.Qc2 Ne4 8.Nbd2 f5
9.Ne5 Nd7 10.Nd3 Bf6 11.Nf3 Qe8 12.b3 Kh8 13.Ba3 Rg8 14.Nfe5 Nxe5 15.Nxe5 b6
16.Rac1  1/2-1/2

[Event "Memorial Day Classic"]
[Site "Los Angeles USA"]
[Date "2005.05.28"]
[Round "1"]
[White "Iwamoto,T"]
[Black "Hough,R"]
[Result "0-1"]
[WhiteElo "2279"]
[BlackElo "2095"]

1.d4 Nf6 2.c4 e6 3.g3 d5 4.Bg2 Be7 5.Nf3 O-O 6.O-O Nbd7 7.Qc2 c6 8.Nbd2 b6
9.e4 dxe4 10.Nxe4 Bb7 11.Nxf6+ Bxf6 12.Rd1 Qe7 13.Bf4 Rfd8 14.Re1 Rac8 15.Rad1 Qf8
16.h4 Be7 17.Ng5 Nf6 18.Bh3 Qe8 19.Rxe6 h6 20.Rde1 Rd7 21.R6e2 Rcd8 22.Bxd7 Rxd7
23.Ne4  0-1

[Event "30th Elekes Mem GM"]
[Site "Budapest HUN"]
[Date "2005.05.29"]
[Round "9"]
[White "Izsak,Gyu"]
[Black "Koneru,H"]
[Result "0-1"]
[WhiteElo "2459"]
[BlackElo "2508"]

1.d4 Nf6 2.Nf3 e6 3.g3 d5 4.Bg2 Be7 5.c4 O-O 6.Qc2 dxc4 7.Qxc4 a6 8.O-O b5
9.Qc2 Bb7 10.Bg5 Nbd7 11.Nbd2 Rc8 12.Nb3 Be4 13.Qc1 c5 14.Bxf6 Bxf6 15.dxc5 Qe7
16.Qe3 Bd5 17.Nfd4 Bxg2 18.Kxg2 Nxc5 19.Rfd1 Rfd8 20.Na5 Rd6 21.Rd2 Na4 22.Rad1 Rxd4
23.Rxd4 Nxb2 24.R1d2 Bxd4 25.Qxd4 Na4 26.Nc6 Rxc6  0-1

[Event "14th CRO-Cup"]
[Site "Sibenik CRO"]
[Date "2005.05.30"]
[Round "1"]
[White "Hulak,K"]
[Black "Barbaric,V"]
[Result "1-0"]
[WhiteElo "2534"]
[BlackElo "2174"]

1.Nf3 Nf6 2.c4 e6 3.g3 d5 4.d4 Be7 5.Bg2 O-O 6.O-O dxc4 7.Qc2 a6 8.a4 Bd7
9.Rd1 Bc6 10.Nc3 a5 11.e4 Na6 12.Ne5 Nb4 13.Qe2 Re8 14.Nxc4 b6 15.Be3 Qb8
16.Rac1 Bb7 17.Bf4 Ba6 18.Nb5 Bd8 19.b3 Qb7 20.Rc3 Qc6 21.Qe1 Qd7 22.Ne5 Qe7
23.g4 c6 24.Nxc6 Nxc6 25.Rxc6 Bxb5 26.axb5 Nxg4 27.Qe2 Nf6 28.Bd6 Qa7 29.Rdc1 a4
30.Ra1 a3 31.Rxa3 Qxa3 32.Bxa3 Rxa3 33.Qb2 Ra5 34.Rc8 Nh5 35.Qc1 g6 36.Bf3 Kh8
37.d5 e5 38.Bxh5 gxh5 39.Kf1 Rg8 40.d6  1-0

[Event "14th CRO-Cup"]
[Site "Sibenik CRO"]
[Date "2005.06.03"]
[Round "7"]
[White "Golubovic,B"]
[Black "Barbaric,V"]
[Result "1-0"]
[WhiteElo "2462"]
[BlackElo "2174"]

1.d4 Nf6 2.Nf3 d5 3.c4 e6 4.g3 Be7 5.Bg2 O-O 6.O-O dxc4 7.Qc2 a6 8.a4 Bd7
9.Qxc4 Bc6 10.Bg5 Bd5 11.Qc2 Be4 12.Qc1 a5 13.Nc3 Bxf3 14.Bxf3 c6 15.Rd1 h6
16.Bf4 Nd5 17.Bd2 Nd7 18.e4 Nb4 19.Be3 Rc8 20.Bg2 Qc7 21.Qd2 Rfd8 22.Qe2 e5
23.Bh3 Ra8 24.Rac1 Kf8 25.Rd2 Qb8 26.Rcd1 exd4 27.Bxd4 Nf6 28.e5 Nfd5 29.e6 fxe6
30.Bxe6 Nf6 31.Bxf6 Bxf6 32.Qh5 Qc7 33.Rd7  1-0

[Event "TCh-BIH Prem"]
[Site "Neum BIH"]
[Date "2005.06.08"]
[Round "5"]
[White "Ilincic,Z"]
[Black "Benkovic,P"]
[Result "1-0"]
[WhiteElo "2473"]
[BlackElo "2418"]

1.d4 Nf6 2.c4 e6 3.Nf3 d5 4.g3 Be7 5.Bg2 O-O 6.O-O c6 7.Qc2 Nbd7 8.b3 b6
9.Bb2 a5 10.Nbd2 Bb7 11.e4 Qb8 12.Rfe1 Rc8 13.Bh3 a4 14.Ng5 Nf8 15.f4 axb3
16.axb3 Rxa1 17.Bxa1 h6 18.Ngf3 Nxe4 19.Nxe4 dxe4 20.Qxe4 Bb4 21.Rd1 c5 22.d5 Rd8
23.Ne5 exd5 24.cxd5 Bxd5 25.Rxd5 Qa8 26.Nd7 Qxa1+ 27.Kg2 Ra8 28.Bf5 Ra2+
29.Kh3 Qf1+ 30.Kg4 Re2 31.Qc4 b5 32.Qxb5 f6 33.Bd3 h5+ 34.Rxh5 g6 35.Nxf6+  1-0

[Event "National Open Blitz Playoff"]
[Site "Las Vegas USA"]
[Date "2005.06.12"]
[Round "1.1"]
[White "Gurevich,D"]
[Black "Sharavdorj,D"]
[Result "1-0"]
[WhiteElo "2515"]
[BlackElo "2453"]

1.d4 Nf6 2.c4 e6 3.g3 d5 4.Bg2 Be7 5.Nf3 O-O 6.O-O Nbd7 7.Qc2 c6 8.b3 b6
9.Rd1 Ba6 10.Bb2 Rc8 11.Nbd2 c5 12.dxc5 Nxc5 13.Rac1 Qc7 14.Qb1 Qb8 15.Be5 Qa8
16.Re1 Bb7 17.Qb2 Rfd8 18.cxd5 Bxd5 19.Nc4 Nce4 20.Ne3 Bc5 21.Bd4 h6 22.Nxd5 exd5
23.Bh3 Bxd4 24.Qxd4 Rc5 25.Ne5 Qb7 26.Nd3 Rxc1 27.Rxc1 Qe7 28.Nb4 Re8 29.Rc2 Nc5
30.Nxd5 Nxd5 31.Qxd5 Rd8 32.Qf3 Rd1+ 33.Kg2 g6 34.b4 Ne4 35.Rc4 Nd2 36.Rc8+ Kh7
37.Qa8 Qe4+ 38.Qxe4 Nxe4 39.Rc7 Kg8 40.Rxa7 Rd2 41.Bg4 Nc3 42.a4 Nxe2 43.Bxe2 Rxe2
44.Rb7 Ra2 45.Rxb6 Rxa4 46.Rb8+ Kg7 47.Rb6 h5 48.Rb7 Ra2 49.b5 Ra3 50.b6  1-0

[Event "III Open"]
[Site "Bajada de la Virgen ESP"]
[Date "2005.06.13"]
[Round "1"]
[White "Gleizerov,E"]
[Black "Perez Felipe,M"]
[Result "1-0"]
[WhiteElo "2572"]
[BlackElo "2158"]

1.d4 Nf6 2.c4 e6 3.g3 Be7 4.Bg2 d5 5.Nf3 O-O 6.O-O c6 7.Nc3 Nbd7 8.Qd3 Nb6
9.b3 c5 10.cxd5 Nfxd5 11.Nxd5 Nxd5 12.dxc5 Bxc5 13.Bb2 Be7 14.Ne5 Bf6 15.Rfd1 Qe7
16.e4 Nb6 17.a4 Nd7 18.Nxd7 Bxb2 19.Nxf8 Bxa1 20.Rxa1 e5 21.Nxh7 Be6 22.Qb5 Kxh7
23.Qxe5 Qb4 24.Qb5 Qxb3 25.e5 Qc3 26.Rd1 Rc8 27.Qxb7 a5 28.Qe4+ Kg8 29.h4  1-0

[Event "III Open"]
[Site "Bajada de la Virgen ESP"]
[Date "2005.06.15"]
[Round "4"]
[White "Avrukh,B"]
[Black "Al Tamimi,H"]
[Result "1-0"]
[WhiteElo "2642"]
[BlackElo "2244"]

1.d4 d5 2.c4 e6 3.Nf3 Nf6 4.g3 Be7 5.Bg2 O-O 6.O-O c6 7.Qc2 Nbd7 8.Nbd2 b6
9.e4 Bb7 10.e5 Ne8 11.cxd5 cxd5 12.Re1 Rc8 13.Qa4 Bc6 14.Qb3 b5 15.Bf1 b4
16.Ba6 Rb8 17.Bd3 Bb5 18.Bb1 Rc8 19.Nf1 Nb6 20.h4 Qc7 21.Bg5 Bxg5 22.Nxg5 h6
23.Nh7 a5 24.Nxf8 Kxf8 25.Nh2 Qa7 26.Nf3 Rc6 27.a3 Bc4 28.Qe3 b3 29.a4 Nc7
30.Nd2 Nd7 31.Ra3 Rb6 32.Rc1 Rb4 33.Nxb3 Qb8 34.Nxa5 Rxb2 35.Ra1 Qb6 36.Nxc4 dxc4
37.a5 Qb4 38.Qa3 Nb5 39.Qxb4+ Rxb4 40.a6 Na7 41.Be4  1-0

[Event "Marx Gyorgy Open"]
[Site "Paks HUN"]
[Date "2005.06.15"]
[Round "2"]
[White "Akesson,R"]
[Black "Balazs,Im"]
[Result "1-0"]
[WhiteElo "2461"]
[BlackElo "2175"]

1.Nf3 d5 2.d4 Nf6 3.c4 e6 4.g3 Be7 5.Bg2 O-O 6.O-O c6 7.Qc2 Nbd7 8.b3 Ne4
9.Bb2 f5 10.Ne1 Ndf6 11.Nd3 Bd7 12.f3 Nd6 13.Nd2 b6 14.Rae1 Rc8 15.e3 Qe8
16.Ne5 c5 17.dxc5 Rxc5 18.Bd4 Rc7 19.a4 dxc4 20.Nexc4 Nxc4 21.Nxc4 Qc8 22.Ra1 Nd5
23.e4 Nb4 24.Qe2 Nc6 25.Bf2 Qa6 26.exf5 exf5 27.Rad1 Bf6 28.Rxd7 Rxd7 29.Qe6+ Rdf7
30.Qxc6 g6 31.f4 Kg7 32.Rd1 Rc8 33.Qe6 Re7 34.Rd7 Rc7 35.Rxe7+ Rxe7 36.Qc6  1-0

[Event "Friendship IM"]
[Site "Cartak CZE"]
[Date "2005.06.19"]
[Round "3"]
[White "Volodin,V"]
[Black "Kulovana,E"]
[Result "1/2-1/2"]
[WhiteElo "2245"]
[BlackElo "2153"]

1.Nf3 d5 2.d4 Nf6 3.c4 e6 4.g3 Be7 5.Bg2 O-O 6.O-O c6 7.Qc2 Nbd7 8.b3 b6
9.Nc3 Bb7 10.Rd1 Rc8 11.e4 Qc7 12.Bf4 Qd8 13.a4 a5 14.Ne1 Ba6 15.Qe2 h6 16.Nc2 Re8
17.h4 Nf8 18.h5 Qd7 19.g4 Qa7 20.Bd2 Red8 21.Kh2 dxe4 22.Nxe4 c5 23.dxc5 Nxe4
24.Bxe4 Bxc5 25.Be3 Qc7+ 26.Kg2 Bb7 27.Bxc5 Bxe4+ 28.Qxe4 Qxc5 29.Kg1 Nh7
30.Qe3 Qxe3 31.Nxe3 Kf8 32.Kf1 Ke7 33.Ke2 Nf6 34.f3  1/2-1/2

[Event "19th Open Pula"]
[Site "Pula CRO"]
[Date "2005.06.20"]
[Round "2"]
[White "Saric,A"]
[Black "Perhinig,R"]
[Result "1-0"]
[WhiteElo "2472"]
[BlackElo "2211"]

1.d4 d5 2.c4 e6 3.Nf3 Be7 4.g3 Nf6 5.Bg2 O-O 6.O-O a6 7.Qc2 dxc4 8.a4 Bd7
9.Rd1 Bc6 10.Nc3 Nbd7 11.e4 b5 12.d5 exd5 13.e5 Ng4 14.Qf5 Nxf2 15.Kxf2 Bc5+
16.Kf1 Nb6 17.a5 Na4 18.Ng5 g6 19.Qh3 h5 20.Nxd5 Nxb2 21.Nf6+ Qxf6+ 22.exf6 Bxg2+
23.Qxg2 Nxd1 24.Qd5 Ne3+ 25.Bxe3 Bxe3 26.Nxf7 c6 27.Qe4 Rxf7 28.Qxe3 Rxf6+
29.Kg2 Rd8 30.Rf1 Rxf1 31.Kxf1 Kf7 32.Qf3+ Ke6 33.Qe4+ Kd6 34.Qd4+ Ke7 35.Qa7+ Kd6
36.Qxa6 Kd5 37.Qb7 c3 38.Qf7+ Kc5 39.Qe7+ Rd6 40.Qe5+  1-0

[Event "Friendship IM"]
[Site "Cartak CZE"]
[Date "2005.06.21"]
[Round "5"]
[White "Kanovsky,D"]
[Black "Kulovana,E"]
[Result "1/2-1/2"]
[WhiteElo "2338"]
[BlackElo "2153"]

1.d4 d5 2.c4 e6 3.Nf3 Nf6 4.g3 Be7 5.Bg2 O-O 6.O-O c6 7.Nc3 Nbd7 8.b3 b6
9.Nd2 Bb7 10.Bb2 Rc8 11.e4 Qc7 12.e5 Ne8 13.Qe2 Qb8 14.f4 Nc7 15.f5 exf5
16.Rxf5 Ne6 17.Nd1 Qa8 18.cxd5 cxd5 19.Ne3 g6 20.Qg4 Ng7 21.Rf2 Rcd8 22.Qd1 f5
23.b4 Rfe8 24.Qb3 Nf8 25.a4 Nfe6 26.a5 bxa5 27.Rxa5 Nc7 28.b5 Qb8 29.Qa4 Nge6
30.Ndf1 Ba8 31.Ba1 Qb6 32.Ra2 Bb7 33.Rxa7 Nxb5 34.Ra5 Nbxd4 35.Bxd4 Qxd4  1/2-1/2

[Event "19th Open Pula"]
[Site "Pula CRO"]
[Date "2005.06.21"]
[Round "3"]
[White "Kveinys,A"]
[Black "Brunello,S"]
[Result "1-0"]
[WhiteElo "2539"]
[BlackElo "2327"]

1.Nf3 Nf6 2.c4 e6 3.g3 d5 4.Bg2 Be7 5.d4 O-O 6.O-O dxc4 7.Qc2 a6 8.Qxc4 b5
9.Qc2 Bb7 10.Bd2 Be4 11.Qc1 Nbd7 12.Ba5 Rc8 13.Nbd2 Ba8 14.a3 Qe8 15.b4 Ne4
16.Nb3 Bd5 17.Qe3 f5 18.Nfd2 Ndf6 19.Nxe4 Nxe4 20.Rac1 c6 21.Bb6 Rf6 22.Bc5 Bd8
23.f3 Nxc5 24.Nxc5 Rh6 25.Rf2 Qh5 26.Bh1 g5 27.Nd3 f4 28.gxf4 Rc7 29.Rg2 Rg7
30.Kf1 g4 31.fxg4 Bxg2+ 32.Bxg2 Qxg4 33.Bf3 Qh3+ 34.Ke1 Qxh2 35.Kd2 Bc7 36.Rh1 Qxh1
37.Bxh1 Rxh1 38.Qxe6+ Rf7 39.Qxc6 Rg1 40.Ne5 Bxe5 41.fxe5 h5 42.e6 Re7 43.d5 Rg5
44.Qc8+ Kg7 45.Qd8  1-0

[Event "Suduroy"]
[Site "Tvoroyri FAI"]
[Date "2005.06.21"]
[Round "4"]
[White "Nilssen,J"]
[Black "Glud,J"]
[Result "0-1"]
[WhiteElo "2372"]
[BlackElo "2319"]

1.d4 d5 2.c4 e6 3.Nf3 Nf6 4.g3 Be7 5.Bg2 O-O 6.O-O c6 7.Qc2 Nbd7 8.b3 b6
9.Rd1 Bb7 10.Nc3 c5 11.dxc5 dxc4 12.b4 a5 13.Ne5 Bxg2 14.c6 Qc7 15.Nxd7 axb4
16.Nxf8 Bxc6 17.Bf4 Qb7 18.Rd4 Bxf8 19.Rxc4 bxc3 20.Rxc3 Nd5 21.Rc4 Bb5 22.Re4 Nxf4
23.Rxf4 Qd5 24.Rd1 Qxa2 25.Qc7 e5 26.Re4 Qa7 27.Qc3 Re8 28.Rxe5 Rxe5 29.Qxe5 Bc6
30.Rd8 Qa3 31.e4 Qc5 32.Qf4 Qe7 33.Qb8 Bxe4 34.Rd1 Qc5 35.h4 b5 36.Qf4 Bd5
37.Rc1 Qe7 38.h5 h6 39.f3 b4 40.Rc7 Qe1+  0-1

[Event "6th EICC"]
[Site "Warsaw POL"]
[Date "2005.06.21"]
[Round "4"]
[White "Iljushin,A"]
[Black "Michalczak,T"]
[Result "1-0"]
[WhiteElo "2543"]
[BlackElo "2369"]

1.d4 Nf6 2.c4 e6 3.g3 d5 4.Bg2 Be7 5.Nf3 O-O 6.O-O dxc4 7.Qc2 a6 8.a4 Bd7
9.Qxc4 Bc6 10.Bf4 Nd5 11.Bd2 a5 12.Nc3 Bb4 13.Rfe1 Nd7 14.e4 N5f6 15.e5 Nd5
16.Ng5 Be7 17.Nxd5 Bxg5 18.Bxg5 Qxg5 19.Nxc7 Bxg2 20.Kxg2 Rac8 21.Rac1 Qd8
22.Rc3 Nb6 23.Qb5 Rxc7 24.Qxb6 Rxc3 25.Qxd8 Rxg3+ 26.hxg3 Rxd8 27.Rc1 Kf8
28.Rc4 Ke7 29.b4 axb4 30.Rxb4 Rd7 31.Kf3 f6 32.Ke4 Rc7 33.g4 g6 34.exf6+ Kxf6
35.f4 h5 36.gxh5 gxh5 37.Rb6 Kf7 38.Rb5 h4 39.Rh5 Rc4 40.Ke5 Rxa4 41.Rh7+ Kg6
42.Rxh4 Kg7 43.Rh1 b6 44.Rc1 Kf7 45.Rc7+ Kf8 46.Rd7 b5 47.Kxe6 Ra6+ 48.Kd5 Rf6
49.f5 Rxf5+ 50.Ke6 Rh5 51.Rd8+ Kg7 52.d5 Rh6+ 53.Ke7 Rb6 54.d6 b4 55.d7 Rb7
56.Rc8 b3 57.Rc1 b2 58.Rg1+ Kh6 59.Rb1 Kg5  1-0

[Event "19th Open Pula"]
[Site "Pula CRO"]
[Date "2005.06.23"]
[Round "6"]
[White "Saric,A"]
[Black "Plenkovic,Z"]
[Result "1-0"]
[WhiteElo "2472"]
[BlackElo "2302"]

1.Nf3 Nf6 2.c4 e6 3.g3 d5 4.d4 Be7 5.Bg2 O-O 6.O-O dxc4 7.Qc2 a6 8.a4 Bd7
9.Rd1 Bc6 10.Nc3 a5 11.e4 Na6 12.Ne5 Nb4 13.Qe2 Be8 14.Nxc4 c6 15.Bf4 b5
16.axb5 cxb5 17.Na3 Qb6 18.Naxb5 Rc8 19.Na3 Nc6 20.Nc4 Qb4 21.d5 e5 22.Bxe5 Nxe5
23.Nxe5 a4 24.Nd3 Qc4 25.e5  1-0

[Event "Suduroy"]
[Site "Tvoroyri FAI"]
[Date "2005.06.24"]
[Round "8"]
[White "Nilssen,J"]
[Black "Rodgaard,J"]
[Result "1/2-1/2"]
[WhiteElo "2372"]
[BlackElo "2331"]

1.d4 d5 2.c4 e6 3.Nf3 Nf6 4.g3 Be7 5.Bg2 O-O 6.O-O dxc4 7.Ne5 Nc6 8.Bxc6 bxc6
9.Nxc6 Qe8 10.Nxe7+ Qxe7 11.Qa4 e5 12.dxe5 Qxe5 13.Qxc4 Be6  1/2-1/2

[Event "6th EICC"]
[Site "Warsaw POL"]
[Date "2005.06.25"]
[Round "7"]
[White "Kozul,Z"]
[Black "Gritsak,O"]
[Result "1/2-1/2"]
[WhiteElo "2591"]
[BlackElo "2537"]

1.d4 d5 2.c4 e6 3.Nf3 Nf6 4.g3 Be7 5.Bg2 O-O 6.O-O c6 7.Qc2 b6 8.Nbd2 a5
9.b3 Na6 10.e4 Bb7 11.Rd1 Rc8 12.e5 Nd7 13.Nf1 c5 14.dxc5 Naxc5 15.h4 dxc4
16.bxc4 Qc7 17.Bf4 Bxf3 18.Bxf3 Nxe5 19.Bg2 Rfd8 20.Qe2 f6 21.Bh3 Qc6 22.Bxe5 fxe5
23.Nd2 e4 24.Bg2 Rd4 25.Nb3 Nxb3 26.axb3 Rcd8 27.Rxd4 Rxd4 28.Re1 Bc5 29.Kh1 Qd7
30.Bxe4 Rd2 31.Qg4 Rxf2 32.Bd5 Kh8 33.Rxe6 Rf6 34.Kg2 g6 35.Qe4 Rxe6 36.Bxe6 Qe7
37.Kh3 Kg7 38.Qc6 h5 39.Qd7  1/2-1/2

[Event "ITT Cinco Soles"]
[Site "Pinamar ARG"]
[Date "2005.06.26"]
[Round "5"]
[White "Bronstein,L"]
[Black "Valiente,C"]
[Result "1/2-1/2"]
[WhiteElo "2362"]
[BlackElo "2335"]

1.d4 Nf6 2.c4 e6 3.g3 d5 4.Bg2 Be7 5.Nf3 O-O 6.O-O c6 7.Nbd2 Nbd7 8.Qc2 b6
9.b3 Bb7 10.Bb2 Rc8 11.e4 c5 12.exd5 exd5 13.Ne5 cxd4 14.Bxd4 Qc7 15.Qf5 dxc4
16.Nxd7 Nxd7 17.Bxb7 Qxb7 18.Nxc4 Qc6 19.Rad1 Rcd8 20.Ne3 Nc5 21.Bxc5 Bxc5
22.Nd5 a5 23.Rd3  1/2-1/2

[Event "White Nights"]
[Site "St Petersburg RUS"]
[Date "2005.06.26"]
[Round "9"]
[White "Serov,M"]
[Black "Gavrilov,O"]
[Result "1/2-1/2"]
[WhiteElo "2178"]
[BlackElo "2314"]

1.d4 d5 2.c4 e6 3.Nf3 Nf6 4.g3 Be7 5.Bg2 O-O 6.Qc2 b6 7.O-O Bb7 8.cxd5 exd5
9.Ne5 c5 10.dxc5 bxc5 11.Nc3 Nbd7 12.Nxd7 Qxd7 13.Bg5 Qe6 14.Rfd1 Rfd8 15.Qb3 Rab8
16.Bf4 Bd6 17.Bxd6 Qxd6 18.Rac1 Bc6 19.Qc2 Qe6 20.b3 h5 21.h4  1/2-1/2

[Event "6th EICC"]
[Site "Warsaw POL"]
[Date "2005.06.26"]
[Round "8"]
[White "Markus,R"]
[Black "Magalashvili,D"]
[Result "1-0"]
[WhiteElo "2584"]
[BlackElo "2445"]

1.d4 d5 2.c4 e6 3.Nf3 Nf6 4.g3 Be7 5.Bg2 O-O 6.O-O dxc4 7.Ne5 Nc6 8.Nxc6 bxc6
9.e3 Nd5 10.Qa4 Nb6 11.Qc2 Rb8 12.Rd1 Ba6 13.Nd2 Qe8 14.b3 c5 15.dxc5 Bxc5
16.Bb2 Be7 17.Qe4 Qc8 18.Qg4 f6 19.Rac1 cxb3 20.Nxb3 e5 21.Qh4 Rf7 22.Rc2 c5
23.Bh3 f5 24.Qh5 g6 25.Qf3 Bb7 26.e4 Qc7 27.Nd2 Bg5 28.Qe2 Re8 29.Nf3 Bh6
30.exf5 Qc6 31.Bg2 gxf5 32.Nh4 e4 33.Qh5 Bc8 34.Rxc5 Qxc5 35.Qxh6 Qe7 36.Kh1 Bb7
37.Rd6 Qxd6 38.Qxd6 Rd7 39.Qf6 Rd1+ 40.Bf1 e3+ 41.Kg1  1-0

[Event "2nd RUS Pupils Summer Girls"]
[Site "Satka RUS"]
[Date "2005.06.27"]
[Round "1"]
[White "Utkina,N"]
[Black "Fakhretdinova,M"]
[Result "0-1"]
[WhiteElo "1959"]
[BlackElo "2151"]

1.d4 d5 2.c4 e6 3.Nf3 Nf6 4.g3 Be7 5.Bg2 O-O 6.O-O Nbd7 7.Qc2 b6 8.Rd1 Ba6
9.Nbd2 c6 10.b3 Rc8 11.Bb2 Qc7 12.Rac1 Qb7 13.e4 Rfd8 14.Ne5 Bb4 15.Bc3 Bxc3
16.Qxc3 Nxe5 17.dxe5 d4 18.Qc2 Nd7 19.f4 c5 20.Nf3 Qc7 21.Ne1 h6 22.Nd3 Bb7
23.Qe2 a6 24.a4 Re8 25.Rf1 Bc6 26.Qf2 Re7 27.Qd2 Qb7 28.Qe2 Qc7 29.Qd2 Rf8
30.Qe2 Qb7 31.Rfe1 Rfe8 32.h3 Qa7 33.Qc2 b5 34.cxb5 axb5 35.Nxc5 d3 36.Qxd3 Nxc5
37.Qe3 Nd3 38.Rxc6 Nxe1 39.Qxa7 Rxa7 40.Bf1 Nf3+  0-1

[Event "6th EICC"]
[Site "Warsaw POL"]
[Date "2005.06.27"]
[Round "9"]
[White "Kozul,Z"]
[Black "Dizdar,G"]
[Result "0-1"]
[WhiteElo "2591"]
[BlackElo "2524"]

1.d4 Nf6 2.c4 e6 3.Nf3 d5 4.g3 Be7 5.Bg2 O-O 6.O-O c6 7.Qc2 b6 8.Rd1 Ba6
9.b3 Nbd7 10.Nc3 dxc4 11.bxc4 Bxc4 12.Bg5 Nd5 13.Ne4 Ba6 14.Bxe7 Qxe7 15.Neg5 N7f6
16.e4 Nb4 17.Qb1 h6 18.a3 hxg5 19.axb4 Be2 20.Nxg5 Bxd1 21.e5 Ne4 22.Bxe4 Qxg5
23.Qxd1 Rad8 24.Bxc6 Rc8 25.b5 Rfd8 26.f4 Qe7 27.Qa4 Rc7 28.h4 g6 29.Kg2 Kg7
30.Rd1 Rcc8 31.Ra1 Rc7 32.Kf3 Rdc8 33.Rc1 Qd8 34.Kg4 Qe7 35.Rc2 Rd8 36.Rc4 Rdc8
37.Qa1 Rd8 38.Rc1 Qb4 39.Rd1 a5 40.h5 gxh5+ 41.Kxh5 Qc4 42.Rd2 Rxc6 43.bxc6 Qxc6
44.Kg4 Qe4 45.Qa3 Rh8 46.Qd3 Qxd3 47.Rxd3 a4 48.Kg5 Rd8 49.g4 b5 50.f5 b4
51.f6+ Kg8 52.Kf4 a3 53.d5 Rxd5  0-1

[Event "6th EICC"]
[Site "Warsaw POL"]
[Date "2005.06.30"]
[Round "12"]
[White "Sakaev,K"]
[Black "Stefansson,H"]
[Result "1-0"]
[WhiteElo "2672"]
[BlackElo "2573"]

1.d4 Nf6 2.c4 e6 3.g3 d5 4.Nf3 Be7 5.Bg2 O-O 6.O-O dxc4 7.Qc2 a6 8.Qxc4 b5
9.Qc2 Bb7 10.Bd2 Be4 11.Qc1 c6 12.Be3 Nbd7 13.Nc3 Bd5 14.Qc2 Rc8 15.Bg5 Bxf3
16.Bxf3 c5 17.dxc5 Bxc5 18.Qb3 Qb6 19.a4 Ne5 20.Bg2 Rb8 21.axb5 axb5 22.Bf4 Bd6
23.Be3 Bc5 24.Bf4 Bd6 25.Rfd1 Nc4 26.Bxd6 Nxd6 27.Qb4 Rfd8 28.b3 h6 29.Rd3 Nde8
30.Rxd8 Qxd8 31.Rd1 Qb6 32.Bf3 Nc7 33.Rd6 Qa7 34.Kg2 Qa1 35.Rc6 Ncd5 36.Nxd5 Nxd5
37.Bxd5 exd5 38.Qd6 Qa8 39.Qxd5 Re8 40.e4 Qb7 41.Rc5 Qe7 42.e5 Rd8 43.Qc6 b4
44.Rb5 Rd4 45.Qc8+ Kh7 46.h4 Rd2 47.Qf5+ g6 48.Qe4 Qa7 49.Qf3 Qe7 50.h5 Rd7
51.hxg6+ fxg6 52.Qe4  1-0